Normal view MARC view
  • Faiz, PC Saad Ur Rehman (TE-45/TCC-20)

Entry Personal Name

Number of records used in: 0

001 - CONTROL NUMBER

  • control field: 132061

003 - CONTROL NUMBER IDENTIFIER

  • control field: NUST

005 - DATE AND TIME OF LATEST TRANSACTION

  • control field: 20251125125420.0

008 - FIXED-LENGTH DATA ELEMENTS

  • fixed length control field: 251125|| aca||aabn | a|a d

040 ## - CATALOGING SOURCE

  • Original cataloging agency: NUST
  • Transcribing agency: NUST

100 ## - HEADING--PERSONAL NAME

  • Personal name: Faiz, PC Saad Ur Rehman (TE-45/TCC-20)

670 ## - SOURCE DATA FOUND

  • Source citation: Work cat.: (NUST)190677: Faiz, PC Saad Ur Rehman (TE-45/TCC-20), Ababeel UAV Design and implementation of a quadrotor unmanned aerial vehicle with mine detection and surveillance capability /, 2012
© 2023 Central Library, National University of Sciences and Technology. All Rights Reserved.